NBA West Playoff Teams 10-Man Rotation - Statistics

General Stats
  • This quiz has been taken 63 times
    54 since last reset
  • The average score is 49 of 70
Answer Stats
Answer % Correct
Nikola Jokić
100%
Devin Booker
98%
Jamal Murray
98%
Kevin Durant
96%
Chris Paul
94%
Kawhi Leonard
94%
Aaron Gordon
92%
Eric Gordon
92%
Ja Morant
92%
Kyrie Irving
92%
LeBron James
92%
Luka Dončić
92%
Michael Porter Jr.
92%
Paul George
92%
Anthony Davis
90%
Draymond Green
90%
Josh Green
90%
Stephen Curry
90%
Deandre Ayton
88%
Jaren Jackson Jr.
88%
Klay Thompson
88%
D'Angelo Russell
86%
Desmond Bane
86%
Kevon Looney
86%
Reggie Jackson
86%
Russell Westbrook
86%
Dilion Brooks
82%
Ivica Zubac
82%
Kentavious Caldwell-Pope
82%
Andrew Wiggins
80%
Austin Reaves
80%
Jordan Poole
80%
Steven Adams
78%
Dwight Powell
76%
Norman Powell
76%
Bruce Brown
71%
Marcus Morris
71%
Tim Hardaway Jr.
71%
Troy Brown Jr.
71%
Jonathan Kuminga
69%
Rui Hachimura
69%
Terance Mann
69%
Santi Aldama
67%
Tyus Jones
65%
Jarred Vanderbilt
63%
Maxi Kleber
61%
Nicolas Batum
61%
Christian Braun
57%
Christian Wood
57%
Gary Payton II
57%
Torrey Craig
55%
Donte DiVincenzo
51%
Moses Moody
51%
Cameron Payne
49%
Dennis Schröder
49%
Josh Okogie
49%
Mason Plumlee
49%
Brandon Clarke
45%
Reggie Bullock
45%
Lonnie Walker IV
43%
Malik Beasley
43%
Damion Lee
37%
Thomas Bryant
37%
T.J. Warren
37%
Luke Kennard
35%
John Konchar
33%
Jaden Hardy
29%
Landry Shamet
29%
Vlatko Čančar
27%
Dāvis Bertāns
20%
No matching quizzes found
Score Distribution
Percent of People with Each Score
Percentile by Number Answered
Your Score History
You have not taken this quiz since the last reset